[Event "Mediterranean-ch U20"]
[Site "Crete"]
[Date "2013.09.01"]
[Round "8"]
[White "Sasmazel, Burcu"]
[Black "Serpetsidakis, Nikolaos"]
[Result "1/2-1/2"]
[WhiteElo "1879"]
[BlackElo "1610"]
[PlyCount "117"]
[EventDate "2013.08.27"]
[EventType "swiss"]
[EventRounds "9"]
[EventCountry "GRE"]
[SourceTitle "CBM 156 Extra"]
[Source "ChessBase"]
[SourceDate "2013.10.22"]
[SourceVersion "1"]
[SourceVersionDate "2013.10.22"]
[SourceQuality "1"]

1. e4 c5 2. Nc3 e6 3. d3 Nc6 4. g3 a6 5. Bg2 Nf6 6. f4 d6 7. Nf3 Be7 8. 0-0 0-0 9. h3 d5 10. Qe1 dxe4 11. dxe4 Nd4 12. Qf2 Nxf3+ 13. Bxf3 Rb8 14. Be3 Qc7 15. e5 Nd7 16. Ne4 b5 17. Rfd1 Bb7 18. b3 Bd5 19. Rac1 Nb6 20. Bg2 Rfc8 21. g4 Qc6 22. Qf3 c4 23. f5 Bc5 24. Re1 Bxe4 25. Qxe4 Qxe4 26. Bxe4 Nd7 27. fxe6 fxe6 28. Rcd1 Nxe5 29. Bxc5 Rxc5 30. b4 Rc7 31. Bxh7+ Kxh7 32. Rxe5 Rb6 33. c3 Kg6 34. h4 Kf6 35. Re4 Rcc6 36. Kf2 Rd6 37. Red4 Rxd4 38. Rxd4 e5 39. Rd1 a5 40. a3 axb4 41. axb4 Ke6 42. Kf3 Ra6 43. Re1 Ra2 44. h5 Rd2 45. g5 Kf5 46. Rg1 Rd6 47. g6 Rd3+ 48. Ke2 Rh3 49. Rf1+ Kg5 50. Rf7 Kh6 51. Rf5 Rxh5 52. Rf7 Kxg6 53. Rb7 e4 54. Ke3 Re5 55. Rb6+ Kf5 56. Rb8 g5 57. Rg8 Kg4 58. Rg7 Kh4 59. Rg8 1/2-1/2

[Event "TUR-chT"]
[Site "Denizli"]
[Date "2013.07.09"]
[Round "12.8"]
[White "Cemhan, Kardelen"]
[Black "Sasmazel, Burcu"]
[Result "1/2-1/2"]
[WhiteElo "2033"]
[BlackElo "1879"]
[PlyCount "100"]
[EventDate "2013.06.29"]
[EventType "team-tourn"]
[EventRounds "13"]
[EventCountry "TUR"]
[SourceTitle "CBM 155 Extra"]
[Source "ChessBase"]
[SourceDate "2013.08.26"]
[SourceVersion "1"]
[SourceVersionDate "2013.08.26"]
[SourceQuality "1"]
[WhiteTeam "Er Bakir"]
[BlackTeam "Ankara Demirspor"]
[WhiteTeamCountry "TUR"]
[BlackTeamCountry "TUR"]

1. e4 e5 2. Nf3 Nc6 3. d4 exd4 4. Nxd4 Bc5 5. Nb3 Bb6 6. Nc3 Nge7 7. Qe2 d6 8. Be3 Be6 9. 0-0-0 Ne5 10. Nd4 Bc4 11. Qe1 Bxf1 12. Rxf1 Qd7 13. f4 Nc4 14. Bg1 0-0-0 15. Qe2 Na5 16. Ndb5 Bxg1 17. Rxg1 a6 18. Nd4 Nac6 19. Nb3 h5 20. h3 h4 21. Rge1 Qe6 22. Qf1 Qh6 23. Kb1 Ng6 24. Nd5 Nce7 25. Nxe7+ Nxe7 26. Qf2 Kb8 27. Rd3 Nc6 28. Nd4 Nxd4 29. Rxd4 Qf6 30. Rd5 g6 31. a3 Rhe8 32. e5 Qe6 33. Red1 Qe7 34. exd6 Rxd6 35. Rxd6 cxd6 36. Qb6 Rd8 37. Rd3 Qe1+ 38. Ka2 Qe7 39. Rb3 Ka8 40. Re3 Qf6 41. Qc7 Rb8 42. Re4 Qf5 43. Rd4 Rc8 44. Qxd6 Qxc2 45. Qd5 Qc5 46. Qd7 Rc7 47. Qd8+ Ka7 48. Rb4 Rc8 49. Qd7 Rc7 50. Qd8 Rc8 1/2-1/2

[Event "TUR-chT"]
[Site "Denizli"]
[Date "2013.07.02"]
[Round "4.8"]
[White "Sasmazel, Burcu"]
[Black "Asan, Elvan"]
[Result "1/2-1/2"]
[WhiteElo "1879"]
[BlackElo "1839"]
[PlyCount "117"]
[EventDate "2013.06.29"]
[EventType "team-tourn"]
[EventRounds "13"]
[EventCountry "TUR"]
[SourceTitle "CBM 155 Extra"]
[Source "ChessBase"]
[SourceDate "2013.08.26"]
[SourceVersion "1"]
[SourceVersionDate "2013.08.26"]
[SourceQuality "1"]
[WhiteTeam "Ankara Demirspor"]
[BlackTeam "Istanbul Teknik Uni"]
[WhiteTeamCountry "TUR"]
[BlackTeamCountry "TUR"]

1. e4 c6 2. d4 d5 3. Bd3 dxe4 4. Bxe4 Nf6 5. Bf3 Bf5 6. Ne2 e6 7. Ng3 Bg6 8. 0-0 Qc7 9. Nd2 Nbd7 10. Nc4 Rd8 11. Qe2 Nb6 12. Nxb6 Qxb6 13. c3 Be7 14. Bg5 0-0 15. Nh5 Rfe8 16. Nf4 Qa5 17. Nxg6 hxg6 18. Bf4 Nd5 19. Bg3 Bf6 20. a4 c5 21. dxc5 Qxc5 22. Be5 Bg5 23. Bd4 Qc7 24. Qe5 Qxe5 25. Bxe5 b6 26. Rfd1 f6 27. Bg3 Nf4 28. Bxf4 Bxf4 29. Bc6 Rxd1+ 30. Rxd1 Re7 31. g3 Bc7 32. Kg2 Kf7 33. f4 f5 34. Kf3 e5 35. fxe5 Bxe5 36. Rd2 Kf6 37. c4 g5 38. b3 f4 39. Re2 Bd6 40. Rxe7 Kxe7 41. g4 a5 42. Ke4 Kf6 43. h3 Be5 44. Bd7 Bc3 45. Bf5 Ke7 46. Bg6 Kd6 47. Bf5 Bd2 48. Bg6 Kc5 49. Be8 Kb4 50. Bc6 Kxb3 51. Bb5 Kc3 52. Ba6 Be3 53. Bb5 Kd2 54. Kf3 Bc5 55. Bc6 Ke1 56. Be4 Kf1 57. Bd3+ Ke1 58. Be4 Kd2 59. Bc6 1/2-1/2

[Event "TUR-chT"]
[Site "Konya"]
[Date "2012.07.21"]
[Round "12"]
[White "Asan, Elvan"]
[Black "Sasmazel, Burcu"]
[Result "1/2-1/2"]
[WhiteElo "1817"]
[BlackElo "1873"]
[PlyCount "147"]
[EventDate "2012.07.11"]
[EventType "team-tourn"]
[EventRounds "13"]
[EventCountry "TUR"]
[SourceTitle "CBM 149 Extra"]
[Source "ChessBase"]
[SourceDate "2012.08.24"]
[SourceVersion "1"]
[SourceVersionDate "2012.08.24"]
[SourceQuality "1"]
[WhiteTeam "Istanbul Teknik Uni"]
[BlackTeam "Ankara Gazi"]
[WhiteTeamCountry "TUR"]
[BlackTeamCountry "TUR"]

1. e4 e5 2. Nf3 Nc6 3. Bc4 Nf6 4. d3 h6 5. c3 d6 6. Bb3 g6 7. 0-0 Bg7 8. h3 0-0 9. Re1 Na5 10. Bc2 c5 11. d4 Qe7 12. d5 Nc4 13. a4 a5 14. Bd3 Nb6 15. Na3 Ne8 16. Qb3 Qd8 17. Nc4 Nxc4 18. Qxc4 f5 19. Bd2 f4 20. Reb1 g5 21. Nh2 h5 22. Be2 Nf6 23. f3 Qe8 24. Kf2 Qg6 25. Rh1 g4 26. hxg4 hxg4 27. Nf1 Kf7 28. Ke1 Bd7 29. Kd1 Rab8 30. Qb3 Nxe4 31. fxe4 Qxe4 32. Rg1 Rh8 33. Qc4 Bf5 34. Qxe4 Bxe4 35. Bxg4 Bxd5 36. Be2 Bh6 37. c4 Bc6 38. b3 b6 39. Kc2 Bg7 40. Bc3 Rbg8 41. Rd1 Bf8 42. Nd2 Bxg2 43. Bf3 Rh2 44. Bxg2 Rhxg2 45. Rxg2 Rxg2 46. Rf1 Bh6 47. Kd3 Ke6 48. Ne4 Rh2 49. Rf3 Rh1 50. Bd2 d5 51. cxd5+ Kxd5 52. Nc3+ Ke6 53. Ke4 Rh2 54. Rd3 Bg5 55. Nb5 Re2+ 56. Kf3 Rh2 57. Ke4 Re2+ 58. Kf3 Rh2 59. Kg4 Rg2+ 60. Kh3 Rf2 61. Nd6 Re2 62. Kg4 Be7 63. Kf3 Rxd2 64. Rxd2 Bxd6 65. Ke4 c4 66. bxc4 Bc5 67. Rd5 Bd4 68. Rd8 Ke7 69. Rd5 Kf6 70. Rd8 Kg5 71. Rg8+ Kf6 72. Rg4 Ke6 73. Rg6+ Kd7 74. Rh6 1/2-1/2

[Event "TUR-chT"]
[Site "Konya"]
[Date "2011.07.09"]
[Round "13"]
[White "Sasmazel, Burcu"]
[Black "Sop, Selen"]
[Result "1/2-1/2"]
[WhiteElo "1911"]
[BlackElo "1995"]
[PlyCount "119"]
[EventDate "2011.06.28"]
[EventType "team-swiss"]
[EventRounds "13"]
[EventCountry "TUR"]
[SourceTitle "CBM 143 Extra"]
[Source "ChessBase"]
[SourceDate "2011.08.29"]
[SourceVersion "1"]
[SourceVersionDate "2011.08.29"]
[SourceQuality "1"]
[WhiteTeam "Gazi Universitesi"]
[BlackTeam "Adana Truva"]
[WhiteTeamCountry "TUR"]
[BlackTeamCountry "TUR"]

1. e4 c5 2. Nc3 d6 3. g3 Nc6 4. Bg2 g6 5. d3 Bg7 6. f4 e6 7. Nf3 Nge7 8. 0-0 0-0 9. Be3 Rb8 10. a4 b6 11. Bf2 Qd7 12. d4 Ba6 13. Re1 cxd4 14. Nxd4 Na5 15. Rb1 Rbc8 16. Qf3 Rfd8 17. Bh3 Bb7 18. Qd3 d5 19. e5 Nf5 20. Bxf5 gxf5 21. Ncb5 Ba6 22. Qf3 Nc6 23. c3 Nxd4 24. Nxd4 Rc7 25. h3 Qxa4 26. Ra1 Qc4 27. b3 Qd3 28. Re3 Qd2 29. Rxa6 Rdc8 30. Rd3 Qc1+ 31. Qd1 Rxc3 32. Qxc1 Rxc1+ 33. Kg2 Bf8 34. Rxa7 Rb1 35. Ra2 Bc5 36. Rc2 Ra8 37. Nb5 Bxf2 38. Rxf2 Raa1 39. Kf3 Ra5 40. Nd4 Rh1 41. h4 Rb1 42. Nc2 Ra2 43. Nd4 Ra3 44. Rfd2 Rf1+ 45. Ke2 Rh1 46. Nf3 Rb1 47. Nd4 Rh1 48. Ke3 Rg1 49. Ne2 Rb1 50. Kd4 Kf8 51. Rc2 Rbxb3 52. Rxb3 Rxb3 53. Rc8+ Kg7 54. Rc7 Rb2 55. Ke3 Rb3+ 56. Kf2 Rb2 57. Rb7 Kf8 58. Ke3 Rb3+ 59. Kd4 Rb2 60. Ke3 1/2-1/2

[Event "TUR-chT"]
[Site "Konya"]
[Date "2011.07.07"]
[Round "11"]
[White "Sasmazel, Burcu"]
[Black "Alev, Gonulden Seda"]
[Result "1-0"]
[WhiteElo "1911"]
[BlackElo "1605"]
[PlyCount "85"]
[EventDate "2011.06.28"]
[EventType "team-swiss"]
[EventRounds "13"]
[EventCountry "TUR"]
[SourceTitle "CBM 143 Extra"]
[Source "ChessBase"]
[SourceDate "2011.08.29"]
[SourceVersion "1"]
[SourceVersionDate "2011.08.29"]
[SourceQuality "1"]
[WhiteTeam "Gazi Universitesi"]
[BlackTeam "Yesilkoy"]
[WhiteTeamCountry "TUR"]
[BlackTeamCountry "TUR"]

1. e4 c5 2. Nc3 e6 3. g3 d5 4. exd5 exd5 5. d3 Nf6 6. Bg2 Be7 7. Nge2 d4 8. Ne4 Nxe4 9. Bxe4 Nd7 10. 0-0 Nf6 11. Bg2 0-0 12. Bg5 h6 13. Bxf6 Bxf6 14. Nf4 Rb8 15. a4 a5 16. Re1 Bd7 17. h4 Re8 18. b3 Re5 19. Qd2 Bg4 20. Rxe5 Bxe5 21. Re1 Bd6 22. Nd5 Be6 23. Nf4 Bg4 24. Bd5 Bf5 25. Bf3 c4 26. Rd1 c3 27. Qc1 Qf6 28. Nd5 Qg6 29. h5 Qe6 30. Re1 Qd7 31. Qd1 Qd8 32. Be4 Qg5 33. Bxf5 Qxf5 34. Ne7+ Bxe7 35. Rxe7 Qg5 36. Qe2 Qd2 37. Kf1 Qc1+ 38. Kg2 Qd2 39. Kf3 Qxe2+ 40. Kxe2 Rd8 41. Rxb7 Re8+ 42. Kd1 f5 43. Rd7 1-0

[Event "TUR-chT"]
[Site "Konya"]
[Date "2011.07.06"]
[Round "10"]
[White "Abdimanoglu, Beste Basak"]
[Black "Sasmazel, Burcu"]
[Result "0-1"]
[WhiteElo "1751"]
[BlackElo "1911"]
[PlyCount "84"]
[EventDate "2011.06.28"]
[EventType "team-swiss"]
[EventRounds "13"]
[EventCountry "TUR"]
[SourceTitle "CBM 143 Extra"]
[Source "ChessBase"]
[SourceDate "2011.08.29"]
[SourceVersion "1"]
[SourceVersionDate "2011.08.29"]
[SourceQuality "1"]
[WhiteTeam "Deniz Genclik"]
[BlackTeam "Gazi Universitesi"]
[WhiteTeamCountry "TUR"]
[BlackTeamCountry "TUR"]

1. d4 Nf6 2. c4 d6 3. Nc3 Nbd7 4. e4 e5 5. d5 Be7 6. Be2 0-0 7. Nf3 c6 8. 0-0 a6 9. b4 cxd5 10. exd5 a5 11. Ba3 axb4 12. Bxb4 Ne8 13. Nb5 Nb6 14. Nd2 Bd7 15. Nc3 Nc7 16. Nde4 Bf5 17. Qb3 Bxe4 18. Nxe4 Na4 19. Rac1 b6 20. Nc3 Nxc3 21. Bxc3 Na6 22. Qc2 f5 23. Rb1 Qc7 24. Bd3 e4 25. Be2 Nc5 26. Bd4 Bf6 27. Bxc5 Qxc5 28. Rb5 Qc7 29. Kh1 Bd4 30. Rb3 Qe7 31. Rh3 g6 32. Qd2 Qg7 33. Qc2 Ra5 34. a3 Rfa8 35. Qa2 Bc5 36. Qc2 Rxa3 37. Rxa3 Rxa3 38. h3 Qc3 39. Qb1 Ra5 40. Kg1 Qd2 41. Bd1 Bd4 42. Bc2 Ra1 0-1

[Event "TUR-chT"]
[Site "Konya"]
[Date "2011.07.02"]
[Round "6"]
[White "Patel, Yesim"]
[Black "Sasmazel, Burcu"]
[Result "0-1"]
[WhiteElo "1804"]
[BlackElo "1911"]
[PlyCount "76"]
[EventDate "2011.06.28"]
[EventType "team-swiss"]
[EventRounds "13"]
[EventCountry "TUR"]
[SourceTitle "CBM 143 Extra"]
[Source "ChessBase"]
[SourceDate "2011.08.29"]
[SourceVersion "1"]
[SourceVersionDate "2011.08.29"]
[SourceQuality "1"]
[WhiteTeam "Manisa Doruk Koleji"]
[BlackTeam "Gazi Universitesi"]
[WhiteTeamCountry "TUR"]
[BlackTeamCountry "TUR"]

1. e4 e5 2. Nf3 Nc6 3. Bb5 a6 4. Ba4 Nf6 5. 0-0 Be7 6. Re1 b5 7. Bb3 d6 8. c3 0-0 9. h3 Nb8 10. d4 Nbd7 11. Nbd2 Bb7 12. Bc2 Re8 13. Nf1 Bf8 14. Ng3 g6 15. a4 Bg7 16. Bg5 Qe7 17. Qd2 Qf8 18. d5 h6 19. Be3 c6 20. dxc6 Bxc6 21. axb5 axb5 22. Ba7 d5 23. exd5 Bxd5 24. Ne4 Bc6 25. Nh2 Red8 26. Qe2 Nd5 27. Bb3 Nf4 28. Qc2 Nf6 29. Nxf6+ Bxf6 30. Ng4 Bg7 31. Ne3 Kh7 32. Bb6 Rd7 33. Red1 Rxa1 34. Rxa1 f5 35. c4 Be4 36. Qd1 Rxd1+ 37. Rxd1 Ne2+ 38. Kh2 Nd4 0-1

[Event "TUR-chT"]
[Site "Konya"]
[Date "2011.07.01"]
[Round "4"]
[White "Morgul, Elcin"]
[Black "Sasmazel, Burcu"]
[Result "1/2-1/2"]
[WhiteElo "1723"]
[BlackElo "1911"]
[PlyCount "124"]
[EventDate "2011.06.28"]
[EventType "team-swiss"]
[EventRounds "13"]
[EventCountry "TUR"]
[SourceTitle "CBM 143 Extra"]
[Source "ChessBase"]
[SourceDate "2011.08.29"]
[SourceVersion "1"]
[SourceVersionDate "2011.08.29"]
[SourceQuality "1"]
[WhiteTeam "Celikkol Turizm Pamukkale"]
[BlackTeam "Gazi Universitesi"]
[WhiteTeamCountry "TUR"]
[BlackTeamCountry "TUR"]

1. e4 e5 2. Nf3 Nc6 3. Bc4 Nf6 4. Ng5 d5 5. exd5 Na5 6. Bb5+ c6 7. dxc6 bxc6 8. Be2 h6 9. Nf3 e4 10. Ne5 Bd6 11. d4 exd3 12. Nxd3 Qc7 13. b3 0-0 14. Bb2 Ne4 15. Nd2 Re8 16. Nxe4 Rxe4 17. Qd2 Ba6 18. 0-0-0 Rd8 19. Qc3 Bf8 20. Bf3 Red4 21. Qe1 R4d7 22. Qe5 Qb6 23. Be4 Qb5 24. Qxb5 cxb5 25. Ne5 Rxd1+ 26. Rxd1 Rxd1+ 27. Kxd1 Bb7 28. Bxb7 Nxb7 29. Bd4 Bd6 30. Nc6 a6 31. Be5 Bc5 32. Nb8 a5 33. f3 f6 34. Bc7 Kf7 35. Nc6 a4 36. Nd8+ Nxd8 37. Bxd8 axb3 38. cxb3 b4 39. Ke2 Ke6 40. Kd3 Kd5 41. g4 Bd6 42. h3 Bc5 43. Bc7 g6 44. Bf4 h5 45. Be3 Bd6 46. Bb6 f5 47. Ke3 hxg4 48. hxg4 fxg4 49. fxg4 Be5 50. Ba5 Bd6 51. Bd8 Ke5 52. Kd3 Kd5 53. Bf6 Ke6 54. Bg7 Kd5 55. Ke3 Bc5+ 56. Kf3 Bd6 57. Bf6 Bf8 58. Kf4 Bh6+ 59. Bg5 Bf8 60. Bf6 Bh6+ 61. Bg5 Bf8 62. Ke3 Bc5+ 1/2-1/2

[Event "Olympiad Women-39"]
[Site "Khanty-Mansiysk"]
[Date "2010.09.27"]
[Round "6.20"]
[White "Sasmazel, Burcu"]
[Black "Isgenderova, Hayale"]
[Result "1/2-1/2"]
[WhiteElo "1909"]
[BlackElo "2172"]
[PlyCount "90"]
[EventDate "2010.09.21"]
[EventType "team-swiss"]
[EventRounds "11"]
[EventCountry "RUS"]
[SourceTitle "CBM 139"]
[Source "ChessBase"]
[SourceDate "2010.11.18"]
[SourceVersion "1"]
[SourceVersionDate "2010.11.18"]
[SourceQuality "1"]
[WhiteTeam "Turkey (W)"]
[BlackTeam "Azerbaijan (W)"]
[WhiteTeamCountry "TUR"]
[BlackTeamCountry "AZE"]

1. e4 c5 2. Nc3 Nc6 3. g3 g6 4. Bg2 Bg7 5. d3 d6 6. f4 e6 7. Nf3 Nge7 8. 0-0 0-0 9. Be3 b6 10. Bf2 Bb7 11. Qd2 Qd7 12. Rad1 Nd4 13. Nxd4 cxd4 14. Ne2 e5 15. c3 dxc3 16. Nxc3 d5 17. fxe5 d4 18. Ne2 Bxe5 19. Nf4 Qa4 20. b3 Qa3 21. Rc1 Qd6 22. b4 Rac8 23. Ne2 f5 24. Qb2 Rcd8 25. Rfd1 Qf6 26. Qb3+ Kh8 27. Nf4 Rf7 28. Qe6 Qg7 29. Re1 Rd6 30. Qb3 g5 31. Ne6 Qf6 32. Nxg5 Rf8 33. Nf3 fxe4 34. dxe4 d3 35. Rcd1 Rfd8 36. Nxe5 Qxe5 37. Rd2 Nc6 38. Qb2 Qxb2 39. Rxb2 Ne5 40. b5 Rc8 41. Rd2 Rc3 42. Be3 Rd8 43. Bg5 Rf8 44. Be3 Rd8 45. Bg5 Rf8 1/2-1/2

[Event "World School-ch U15 Girls 6th"]
[Site "Kayseri"]
[Date "2010.07.25"]
[Round "4"]
[White "Sasmazel, Burcu"]
[Black "Soydan, Busra"]
[Result "1/2-1/2"]
[WhiteElo "1876"]
[BlackElo "1737"]
[PlyCount "42"]
[EventDate "2010.07.21"]
[EventType "swiss"]
[EventRounds "9"]
[EventCountry "TUR"]
[SourceTitle "CBM 137 Extra"]
[Source "ChessBase"]
[SourceDate "2010.09.01"]
[SourceVersion "1"]
[SourceVersionDate "2010.09.01"]
[SourceQuality "1"]

1. e4 d5 2. exd5 Qxd5 3. Nc3 Qa5 4. d4 Nf6 5. Bd2 Bg4 6. f3 Bf5 7. Bc4 Qb6 8. Nge2 Nbd7 9. Na4 Qc6 10. Bb3 0-0-0 11. 0-0 e6 12. Ng3 Bg6 13. Qe2 h5 14. Nc3 Nb6 15. Bg5 Qd7 16. Rad1 c6 17. Nge4 Be7 18. Nc5 Qc7 19. N3e4 e5 20. Be3 Nbd5 21. Nxf6 gxf6 1/2-1/2

[Event "TUR-ch (Women)"]
[Site "Konya"]
[Date "2010.07.13"]
[Round "7"]
[White "Sasmazel, Burcu"]
[Black "Sop, Selen"]
[Result "1/2-1/2"]
[WhiteElo "1876"]
[BlackElo "1988"]
[PlyCount "73"]
[EventDate "2010.07.10"]
[EventType "swiss"]
[EventRounds "9"]
[EventCountry "TUR"]
[SourceTitle "CBM 137 Extra"]
[Source "ChessBase"]
[SourceDate "2010.09.01"]
[SourceVersion "1"]
[SourceVersionDate "2010.09.01"]
[SourceQuality "1"]

1. e4 c5 2. Nc3 d6 3. g3 g6 4. Bg2 Bg7 5. d3 Nc6 6. f4 e6 7. Nf3 Nge7 8. 0-0 0-0 9. Be3 Nd4 10. e5 Bd7 11. Ne4 Nef5 12. Bf2 Nxf3+ 13. Bxf3 Bc6 14. c3 b6 15. g4 Ne7 16. Nxd6 Bxf3 17. Qxf3 f6 18. Qe2 fxe5 19. fxe5 Nd5 20. Bg3 Qg5 21. Ne4 Rxf1+ 22. Rxf1 Qe3+ 23. Qxe3 Nxe3 24. Nf6+ Bxf6 25. Rxf6 Re8 26. h3 Nd1 27. d4 cxd4 28. cxd4 Nxb2 29. Be1 Nc4 30. Kf2 b5 31. Bb4 Nb6 32. Bc5 Nd5 33. Rf3 a5 34. a3 Rb8 35. Rb3 Rb7 36. Ke2 Rf7 37. Kd2 1/2-1/2

[Event "TUR-ch (Women)"]
[Site "Konya"]
[Date "2010.07.11"]
[Round "3"]
[White "Borekcioglu, Zeynep Dilara"]
[Black "Sasmazel, Burcu"]
[Result "0-1"]
[WhiteElo "1673"]
[BlackElo "1876"]
[PlyCount "64"]
[EventDate "2010.07.10"]
[EventType "swiss"]
[EventRounds "9"]
[EventCountry "TUR"]
[SourceTitle "CBM 137 Extra"]
[Source "ChessBase"]
[SourceDate "2010.09.01"]
[SourceVersion "1"]
[SourceVersionDate "2010.09.01"]
[SourceQuality "1"]

1. e4 e5 2. Nf3 Nc6 3. Bb5 a6 4. Ba4 Nf6 5. d3 b5 6. Bb3 Be7 7. 0-0 0-0 8. Re1 d6 9. c3 Na5 10. Bc2 c5 11. Nbd2 Ne8 12. Nf1 f5 13. Ne3 f4 14. Nd5 Nc7 15. d4 Nc6 16. Nxc7 Qxc7 17. d5 Nd8 18. h3 c4 19. Kh2 Nf7 20. Qe2 g5 21. Ng1 Kh8 22. g3 Rg8 23. gxf4 gxf4 24. Nf3 Bxh3 25. Rg1 Bg4 26. Bd1 Rg6 27. Rg2 Rag8 28. Qf1 Rh6+ 29. Kg1 Rhg6 30. Qe1 Bxf3 31. Bxf3 Rxg2+ 32. Bxg2 f3 0-1

[Event "TUR-chT"]
[Site "Konya"]
[Date "2010.07.08"]
[Round "13"]
[White "Sasmazel, Burcu"]
[Black "Bal, Sevgican"]
[Result "1-0"]
[WhiteElo "1876"]
[BlackElo "1609"]
[PlyCount "74"]
[EventDate "2010.06.29"]
[EventType "team-tourn"]
[EventRounds "13"]
[EventCountry "TUR"]
[SourceTitle "CBM 137 Extra"]
[Source "ChessBase"]
[SourceDate "2010.09.01"]
[SourceVersion "1"]
[SourceVersionDate "2010.09.01"]
[SourceQuality "1"]

1. e4 c5 2. Nc3 Nc6 3. g3 g6 4. Bg2 Bg7 5. d3 e6 6. f4 Nge7 7. Nf3 0-0 8. 0-0 d6 9. Be3 b6 10. Bf2 Bb7 11. g4 d5 12. e5 a6 13. Qe1 Qc7 14. a4 Nb4 15. Qe2 Rac8 16. Na2 Nxa2 17. Rxa2 d4 18. b4 b5 19. Be1 Bc6 20. h3 cxb4 21. Bxb4 Rfe8 22. axb5 Bxb5 23. Bd2 Nc6 24. Qf2 a5 25. f5 Nb4 26. Raa1 exf5 27. gxf5 Bd7 28. fxg6 fxg6 29. Ng5 Bf5 30. Bxb4 axb4 31. Bd5+ Kh8 32. Nf7+ Kg8 33. Nd6+ Kh8 34. Qh4 Bf8 35. Nxc8 Rxc8 36. Ra6 Qe7 37. Qxe7 Bxe7 1-0

[Event "TUR-chT"]
[Site "Konya"]
[Date "2010.07.02"]
[Round "5"]
[White "Sasmazel, Burcu"]
[Black "Tandogan, Buket"]
[Result "1-0"]
[WhiteElo "1876"]
[BlackElo "1553"]
[PlyCount "71"]
[EventDate "2010.06.29"]
[EventType "team-tourn"]
[EventRounds "13"]
[EventCountry "TUR"]
[SourceTitle "CBM 137 Extra"]
[Source "ChessBase"]
[SourceDate "2010.09.01"]
[SourceVersion "1"]
[SourceVersionDate "2010.09.01"]
[SourceQuality "1"]

1. e4 c5 2. Nc3 Nc6 3. g3 g6 4. Bg2 Bg7 5. d3 Rb8 6. f4 d6 7. Nf3 b5 8. 0-0 b4 9. Nd5 e6 10. Ne3 Nge7 11. g4 f5 12. Nh4 Nd4 13. Bd2 0-0 14. exf5 exf5 15. c3 bxc3 16. bxc3 Nb5 17. Qb3+ c4 18. Qxc4+ Kh8 19. gxf5 Nxf5 20. Nhxf5 Bxf5 21. Nxf5 Rxf5 22. d4 Na3 23. Qd3 Qc7 24. Be4 Rfb5 25. f5 gxf5 26. Bxf5 Bf8 27. Be6 Qg7+ 28. Kh1 Qb7+ 29. d5 Bg7 30. Rf7 Rb1+ 31. Kg2 Qb2 32. Rxb1 Nxb1 33. Rxg7 Kxg7 34. Qd4+ Kg6 35. Qg4+ Kf6 36. Qg5# 1-0

[Event "TUR-chT"]
[Site "Konya"]
[Date "2010.07.01"]
[Round "4"]
[White "Menzi, Nezihe Ezgi"]
[Black "Sasmazel, Burcu"]
[Result "0-1"]
[WhiteElo "1851"]
[BlackElo "1876"]
[PlyCount "58"]
[EventDate "2010.06.29"]
[EventType "team-tourn"]
[EventRounds "13"]
[EventCountry "TUR"]
[SourceTitle "CBM 137 Extra"]
[Source "ChessBase"]
[SourceDate "2010.09.01"]
[SourceVersion "1"]
[SourceVersionDate "2010.09.01"]
[SourceQuality "1"]

1. e4 e5 2. Nf3 Nc6 3. Bb5 a6 4. Ba4 Nf6 5. 0-0 Be7 6. Re1 b5 7. Bb3 d6 8. c3 0-0 9. h3 Nb8 10. d4 Nbd7 11. Be3 Bb7 12. dxe5 dxe5 13. Bd5 c6 14. Bb3 Nxe4 15. Bc1 c5 16. Bc2 f5 17. Nxe5 Nxe5 18. Qxd8 Raxd8 19. f3 Bh4 20. Re2 Bf2+ 21. Rxf2 Nxf2 22. Kxf2 Nd3+ 23. Bxd3 Rxd3 24. Be3 f4 25. Bxc5 Re8 26. Na3 Rd2+ 27. Kf1 Ree2 28. Re1 Rxe1+ 29. Kxe1 Rxb2 0-1

[Event "TUR-chT"]
[Site "Konya"]
[Date "2010.06.30"]
[Round "2"]
[White "Alev, Gonulden Seda"]
[Black "Sasmazel, Burcu"]
[Result "0-1"]
[WhiteElo "1565"]
[BlackElo "1876"]
[PlyCount "54"]
[EventDate "2010.06.29"]
[EventType "team-tourn"]
[EventRounds "13"]
[EventCountry "TUR"]
[SourceTitle "CBM 137 Extra"]
[Source "ChessBase"]
[SourceDate "2010.09.01"]
[SourceVersion "1"]
[SourceVersionDate "2010.09.01"]
[SourceQuality "1"]

1. e4 e5 2. Nf3 Nc6 3. d4 exd4 4. Bc4 Nf6 5. 0-0 d6 6. Nxd4 Be7 7. Nc3 0-0 8. h3 Ne5 9. Be2 a6 10. f4 Nc6 11. Nxc6 bxc6 12. Be3 d5 13. e5 Nd7 14. Bf3 Nb6 15. b3 f6 16. Bxb6 cxb6 17. Nxd5 Bc5+ 18. Kh1 fxe5 19. Nc3 Bb7 20. Ne2 Qc7 21. fxe5 Qxe5 22. g3 Be3 23. Qd7 Rf7 24. Qg4 Raf8 25. Kg2 h5 26. Qe4 Qxe4 27. Bxe4 Rf2+ 0-1

[Event "Wch U14 Girls"]
[Site "Kemer"]
[Date "2009.11.19"]
[Round "8"]
[White "Pratyusha, Bodda"]
[Black "Sasmazel, Burcu"]
[Result "1/2-1/2"]
[WhiteElo "2001"]
[BlackElo "1891"]
[PlyCount "32"]
[EventDate "2009.11.12"]
[EventType "swiss"]
[EventRounds "11"]
[EventCountry "TUR"]
[SourceTitle "EXT 2010"]
[Source "ChessBase"]
[SourceDate "2010.11.25"]
[SourceVersion "1"]
[SourceVersionDate "2010.11.25"]
[SourceQuality "1"]

1. e4 e5 2. Bc4 Nf6 3. d3 c6 4. Nf3 d5 5. Bb3 a5 6. a3 a4 7. Ba2 Bd6 8. Nc3 d4 9. Ne2 0-0 10. Ng3 Be6 11. 0-0 h6 12. Nh4 c5 13. Nhf5 Nc6 14. Nxd6 Qxd6 15. f4 exf4 16. Bxf4 Ne5 1/2-1/2

[Event "EU-chT (Women) 08th"]
[Site "Novi Sad"]
[Date "2009.10.25"]
[Round "4"]
[White "Sasmazel, Burcu"]
[Black "Muhren, Bianca"]
[Result "0-1"]
[WhiteElo "1912"]
[BlackElo "2290"]
[PlyCount "152"]
[EventDate "2009.10.22"]
[EventType "team-swiss"]
[EventRounds "9"]
[EventCountry "YUG"]
[SourceTitle "EXT 2010"]
[Source "ChessBase"]
[SourceDate "2010.11.25"]
[SourceVersion "1"]
[SourceVersionDate "2010.11.25"]
[SourceQuality "1"]
[WhiteTeam "Turkey (W)"]
[BlackTeam "Netherlands (W)"]
[WhiteTeamCountry "TUR"]
[BlackTeamCountry "NED"]

1. e4 c5 2. Nc3 Nc6 3. g3 g6 4. Bg2 Bg7 5. d3 Rb8 6. f4 b5 7. e5 Nd4 8. Ne4 Qb6 9. c3 Nf5 10. Nf3 d5 11. Nf2 h5 12. d4 cxd4 13. Nxd4 Nxd4 14. Qxd4 Qxd4 15. cxd4 e6 16. Nd3 Ne7 17. Be3 Nf5 18. Ke2 b4 19. Nc5 Bf8 20. Rac1 Be7 21. Bh3 Bd7 22. Rc2 Bb5+ 23. Kd2 Bd8 24. Bf1 Ke7 25. Bxb5 Rxb5 26. Rhc1 Bb6 27. Kd3 Rb8 28. b3 Bxc5 29. Rxc5 Rxc5 30. Rxc5 Kd7 31. Bd2 Rb7 32. Ra5 Ne7 33. a4 bxa3 34. Rxa3 Nc6 35. Bc3 Kc7 36. Kc2 Kb6 37. Ra4 Kb5 38. h3 Rc7 39. Kd3 Rc8 40. Ra1 Kb6 41. Bd2 Rb8 42. Bc3 Kc7 43. Kc2 Kd7 44. Ra6 Rg8 45. h4 Rb8 46. Ra4 Rb7 47. Be1 Kc7 48. Ba5+ Kb8 49. Be1 Rb5 50. Kb2 Kb7 51. Kc2 Rb6 52. Kb2 Ra6 53. Rxa6 Kxa6 54. Bc3 Kb5 55. Ka3 Ne7 56. Be1 Nf5 57. Bf2 Nh6 58. Be1 Ng4 59. Kb2 Ne3 60. Kc3 a5 61. Kd2 Nf5 62. Kd3 a4 63. bxa4+ Kxa4 64. Kc3 Ng7 65. Bd2 Ne8 66. Be3 Nc7 67. Bd2 Nb5+ 68. Kd3 Kb3 69. Be1 Na3 70. Bd2 Nc2 71. Bc3 Nb4+ 72. Kd2 Kc4 73. Bb2 Nc6 74. Ke3 Ne7 75. Ke2 Nf5 76. Bc1 Nxg3+ 0-1